LEADER 01993nam0 22003613i 450 001 TO00918864 005 20231121125842.0 010 $a881408534X 100 $a20020702d2000 ||||0itac50 ba 101 | $aita 102 $ait 181 1$6z01$ai $bxxxe 182 1$6z01$an 200 1 $aSistemi manageriali di programmazione e controllo$fLuigi Brusa 210 $aMilano$cGiuffrè$d2000 215 $aXIV, 395 p.$d25 cm. 225 | $aPubblicazioni dell'Istituto di ragioneria ed economia aziendale Giovanni Ferrero$fUniversità degli studi di Torino.$i 410 0$1001CFI0294942$12001 $aPubblicazioni dell'Istituto di ragioneria ed economia aziendale Giovanni Ferrero$fUniversità degli studi di Torino.$i$171201$aUniversità degli studi$c $b : Istituto di ragioneria e di ricerche economico-aziendali$3CFIV009802 606 $aAziende. Controllo$2FIR$3RMLC399185$9I 606 $aAziende$xProgrammazione$2FIR$3RMLC185089$9I 606 $aAziende$xGestione finanziaria$xControllo$2FIR$3RMLC185090$9I 676 $a658.401$9$v21 676 $a658.4012$9$v21 700 1$aBrusa$b, Luigi$3CFIV009796$4070$0108802 801 3$aIT$bIT-01$c20020702 850 $aIT-RM0289 $aIT-FR0098 899 $aBiblioteca Statale A. Baldini$bRM0289 $eN 899 $aBiblioteca Area Giuridico Economica$bFR0098 912 $aTO00918864 950 0$aBiblioteca Area Giuridico Economica$d 53IMP RIC7631(Scafarto)$e 53VM 0000107325 VM barcode:ECO014024. - Inventario:7631VM$fB $h20030528$i20121204$d 53IMP 658.4012/13 bis$e 53VM 0000107315 VM barcode:ECO014213. - Inventario:7465VM$fA $h20030515$i20121204$d 53IMP 658.4012/13$e 53VM 0000107305 VM barcode:ECO010968. - Inventario:6124. - Fondo:Sala consultazioneVM$fA $h20010524$i20121204 977 $a 04$a 53 996 $aSistemi manageriali di programmazione e controllo$968257 997 $aUNICAS LEADER 01103nam0 22002771i 450 001 UON00045938 005 20231205102206.256 100 $a20020107d1372 |0itac50 ba 101 $aper 102 $aIR 105 $a|||| 1|||| 200 1 $aAbul Mashaghel$fN. Ebrahimi 210 $aTehran$cRuzbehan$d1372h 215 $a238 p.$d23 cm 316 $afatt. M 337207 del 30.3.01$5IT-UONSI IRAVIAEZ/405 N 606 $aLETTERATURA PERSIANA$xPERIODO CONTEMPORANEO$xPROSA$3UONC000478$2FI 620 $aIR$dTihra?n$3UONL005570 686 $aIRA VI AEZ$cIRAN - LETTERATURA - PERSIANO - TESTI LETTERARI - PERIODO MODERNO E CONTEMPORA$2A 700 1$aEBRAHIMI$bNader$3UONV016766$0642855 712 $aRuzbehan$3UONV248039$4650 801 $aIT$bSOL$c20240220$gRICA 899 $aSIBA - SISTEMA BIBLIOTECARIO DI ATENEO$2UONSI 912 $aUON00045938 950 $aSIBA - SISTEMA BIBLIOTECARIO DI ATENEO$dSI IRA VI AEZ 405 N $eSI SA 96453 7 405 N fatt. M 337207 del 30.3.01 996 $aAbul Mashaghel$91156239 997 $aUNIOR